Nungu e o elefante (Registo nº 1956)

Detalhes MARC
000 -Etiqueta do registo
Cabeçalho 00793nam a22002771 4500
005 - Identificador da versão
Campo de controlo 20240813121920.0
021 ## - Número do Depósito Legal
Código do país PT
100 ## - Dados gerais de processamento
Dados gerais de processamento 20070615d1980 cd y0pory500305 ba
102 ## - Pais de publicação ou produção
País de publicação Portugal
101 1# - Língua de publicação
Língua do texto, banda sonora, etc. Português
106 ## - Campo de dados codificados: material textual
Dados codificados do material textual r
105 ## - Campo de dados codificados: livros
Dados codificados dos livros a z 000fy
215 ## - Descrição física 
Indicação específica da natureza do documento e extensão da espécie [28] p.
Outras indicações físicas muito il.
Dimensões 24 cm
200 1# - Titulo e menção de responsabilidade
Título próprio Nungu e o elefante
Primeira menção de responsabilidade escrito e il. por Babette Cole
Outras menções de responsabilidade trad. Catarina Vilar
225 2# - Colecção 
Título próprio da colecção Dente de Leão
Informação de outro título da colecção  Sá da Costa Infantil
Indicação de volume 2
210 ## - Publicação, Distribuição, etc. 
Lugar da edição, distribuição, etc. Lisboa
Nome do editor, distribuidor, etc. Sá da Costa
Data da publicação, distribuição, etc. imp. 1980
606 ## - Nome comum usado como assunto
Número de registo de entrada de autoridade 0000187
Palavra de ordem Literatura estrangeira infantil
Subdivisão de assunto Conto
675 ## - Classificação Decimal Universal (CDU)
Notação 82-34
Edição
Língua da edição por
702 #1 - Nome de autor-pessoa física (responsabilidade secundária)
Número de registo de entrada de autoridade 0000599
Palavra de ordem Vilar
Outra parte do nome não tomada para palavra de ordem Catarina
Código de função Tradutor
700 #1 - Nome de autor-pessoa física (responsabilidade principal)
Número de registo de entrada de autoridade 0000598
Palavra de ordem Cole
Outra parte do nome não tomada para palavra de ordem Babette
942 ## - Elementos de entrada adicionados (Koha)
Tipo de item no Koha Livro
Exemplares
Situação do levantamento Origin of item (home branch) (coded) Biblioteca de empréstimo Código de barras Cota Circulation type (not for loan) Tipo de documento Nota do exemplar Damaged status
  Biblioteca Escolar da Coca Maravilhas Biblioteca Escolar da Coca Maravilhas BECM4415/99 8EST COL   Livro Sem mensagem